Online
Catalog

Azul... de Rubén Darío : (Record no. 17191)

MARC details
000 -CABECERA
campo de control de longitud fija 00987cam a2200265 a 4500
001 - NÚMERO DE CONTROL
campo de control 000017666
005 - FECHA Y HORA DE LA ÚLTIMA TRANSACCIÓN
campo de control 20200929165204.0
008 - DATOS DE LONGITUD FIJA--INFORMACIÓN GENERAL
campo de control de longitud fija 921231s1993 wauac b i001 0 spa d
020 ## - NÚMERO INTERNACIONAL ESTÁNDAR DEL LIBRO
Número Internacional Estándar del Libro 0827031769
040 ## - FUENTE DE LA CATALOGACIÓN
Centro catalogador/agencia de origen DO-SdBNP
Lengua de catalogación spa
Centro/agencia transcriptor DLC
Centro/agencia modificador BNPHU
082 ## - NÚMERO DE LA CLASIFICACIÓN DECIMAL DEWEY
Número de clasificación N861.44
Número de documento/Ítem A679a
049 ## - FONDOS LOCALES (OCLC)
Fondos de biblioteca BNGR
100 1# - ENTRADA PRINCIPAL--NOMBRE DE PERSONA
Nombre de persona Arellano, Jorge Eduardo
Fechas asociadas al nombre 1946-
9 (RLIN) 10715
245 10 - MENCIÓN DE TÍTULO
Título Azul... de Rubén Darío :
Resto del título nuevas perspectivas /
Mención de responsabilidad, etc. Jorge Eduardo Arellano ; editor Carlos E. Paldao.
260 ## - PUBLICACIÓN, DISTRIBUCIÓN, ETC.
Lugar de publicación, distribución, etc. Washington, D.C. :
Nombre del editor, distribuidor, etc. Organización de los Estados Americanos,
Fecha de publicación, distribución, etc. 1993.
300 ## - DESCRIPCIÓN FÍSICA
Extensión vii, 128 p. :
Otras características físicas il., retrs ;
Dimensiones 23 cm.
490 1# - MENCIÓN DE SERIE
Mención de serie INTERAMER
Designación de volumen o secuencia 23
504 ## - NOTA DE BIBLIOGRAFÍA, ETC.
Nota de bibliografía, etc. Incluye referencias bibliográficas (p. 119 - 128).
600 14 - PUNTO DE ACCESO ADICIONAL DE MATERIA--NOMBRE DE PERSONA
Nombre de persona DARIO, RUBEN
Fechas asociadas al nombre 1867-1916.
Título de la obra AZUL
Subdivisión general CRÍTICA E INTERPRETACIÓN
9 (RLIN) 38485
650 #4 - PUNTO DE ACCESO ADICIONAL DE MATERIA--TÉRMINO DE MATERIA
Término de materia o nombre geográfico como elemento de entrada Poesía nicaragüense
9 (RLIN) 8179
650 #4 - PUNTO DE ACCESO ADICIONAL DE MATERIA--TÉRMINO DE MATERIA
Término de materia o nombre geográfico como elemento de entrada Literatura nicaragüense
9 (RLIN) 8122
700 1# - PUNTO DE ACCESO ADICIONAL--NOMBRE DE PERSONA
Nombre de persona Paldao, Carlos E.
Término indicativo de función/relación ed.
9 (RLIN) 38486
830 #0 - PUNTO DE ACCESO ADICIONAL DE SERIE-TÍTULO UNIFORME
Título uniforme INTERAMER ;
Designación de volumen o secuencia 23
9 (RLIN) 3423
910 ## - DATOS DE OPCIÓN DEL USUARIO (OCLC)
Datos de opción del usuario Catalogación por copia / LC
Holdings
Estado de retiro Estado de pérdida Restricciones de uso No para préstamo Código de colección Localización permanente Ubicación/localización actual Ubicación en estantería Fecha de adquisición Número de inventario Total de préstamos Signatura topográfica completa Código de barras Fecha visto por última vez Precio válido a partir de Tipo de ítem Koha
        Monografías: Libros y Folletos General General En catalogación 29.03.2010 LF1   N861.44 A679a 17666-10 25.06.2020 25.06.2020 Préstamo en sala

Powered by Koha